000 00639nam a22002297a 4500
003 OSt
005 20140310182756.0
008 130207t xxu||||| |||| 00| 0 eng d
020 _a9814009814
050 _aQA 76.5
_b.L852c 1998
100 _aLong, Larry
245 _aAn Introduction to computers and information systems /
_cLarry Long
250 _a5th ed.
260 _aNew York
_bPrentice-Hall International
_c1998.
300 _c27 cm.
_a128 p. :
_bill.;
521 _aIT
562 _e1
650 _a Electronic digital computers
650 _a2. Electronic data processing
942 _2lcc
_cBK
_kFOR
999 _c15873
_d15873